LDR 01166naa#a2200205#i#450# 001 RU\\bibl\123421 005 20260705233235.7 011 ## _a1994-4683 100 ## _a20230731b2023####ek#y0rusy0150####ca 102 ## _aRU 200 1# _aФИЗИЧЕСКАЯ РЕАБИЛИТАЦИЯ ЛИЦ ЗРЕЛОГО ВОЗРАСТА С КРАЙНИМИ ТИПАМИ ВЕГЕТАТИВНОГО СТАТУСА _eЖурнальная статья 210 1# _aМосква _cНациональный государственный Университет физической культуры, спорта и здоровья им. П.Ф. Лесгафта _d2023 215 ## _a4 с. 608 ## _aЖурнальная статья _2local 675 ## _aСпортивная тренировка. Методика. Нагрузка. Спортивные результаты. 796.015 _z 700 #1 _aСпирина _gИрина Константиновна 700 #1 _aЩукина _gГульмира Халелбековна 700 #1 _aКозыренко _gЕлена Анатольевна 700 #1 _aКузнецова _gМарина Александровна 856 4# _auchzapiski.lesgaft.spb.ru _u